[Event "Sarajevo Bosnia 28th"]
[Site "Sarajevo"]
[Date "1998.06.06"]
[Round "9"]
[White "Sokolov, Ivan"]
[Black "Dizdarevic, Emir"]
[Result "1-0"]
[WhiteElo "2625"]
[BlackElo "2540"]
[Annotator "Stohl,I"]
[PlyCount "51"]
[EventDate "1998.05.29"]
[EventType "tourn"]
[EventRounds "9"]
[EventCountry "BIH"]
[EventCategory "15"]
[SourceTitle "CBM 066"]
[Source "ChessBase"]
[SourceDate "1998.09.30"]
[SourceVersion "1"]
[SourceVersionDate "1998.09.30"]
[SourceQuality "1"]

1. d4 e6 2. c4 Bb4+ 3. Bd2 a5 {The main exponent of this line among top GM's
is the Ukrainian Eingorn. Basically Black's intention is a King's Indian pawn
formation (d6,e5) with the black-squared B already exchanged. Compared to
similar lines in Bogoljubov's Indian, here Black can deploy his f-pawn before
developing Ng8. (which sometimes goes to h6 or e7)} 4. Nc3 ({Eingorn's games
show us how to treat the agressive} 4. e4 d6 5. Nf3 (5. a3 Bxd2+ 6. Qxd2 e5 7.
Ne2 Nf6 8. Nbc3 O-O 9. f3 Nc6 10. d5 Nb8 11. b3 Na6 12. Ng3 Nc5 13. Rb1 c6 14.
Be2 cxd5 15. cxd5 a4 16. b4 Nb3 17. Qd3 Bd7 18. Bd1 Nd4 19. Nge2 Nxe2 20. Bxe2
Nh5 21. g3 f5 22. f4 fxe4 23. Nxe4 Nf6 24. Nxd6 exf4 25. Nxb7 Qc8 26. Nd6 Qb8
27. Nc4 Bb5 $36 {Sahovic,D-Eingorn,V/Lvov/1984/}) 5... Nf6 6. Qc2 (6. Bd3 e5 7.
O-O (7. Nc3 Bg4 8. d5 Nbd7 9. Qe2 Bxc3 10. Bxc3 Nh5 11. Qe3 Nf4 12. Bf1 Qf6 13.
Nd2 Nc5 14. f3 Bd7 15. g3 Ng6 16. Nb3 b6 17. Nxc5 bxc5 $11 {1/2,Andruet,
G-Eingorn,V/EU-chT/1989/}) 7... Bg4 8. d5 Nbd7 9. h3 Bh5 10. Bc2 O-O 11. a3
Bxf3 12. Qxf3 Bxd2 13. Nxd2 a4 14. b4 axb3 15. Nxb3 Ra6 16. a4 Qa8 17. a5 Qa7
18. Qc3 Nh5 19. g3 g6 20. Kg2 c6 21. Qb4 Qb8 22. Bd3 c5 23. Qb5 Qc7 24. Rfb1
Rfa8 25. Rb2 R8a7 26. Rba2 Qd8 27. Nc1 Nhf6 28. Ra4 h5 29. h4 Kg7 30. R1a2 Ng4
$15 {Pieniazek,A-Eingorn,V/Cuxhaven op/1993/}) 6... Nc6 7. Be2 O-O 8. O-O e5 9.
d5 Nb8 10. Nc3 Bg4 11. a3 Bc5 12. Rab1 c6 13. b4 axb4 14. axb4 $13 {1/2,
Mikhalchishin,A-Eingorn,V/Lvov zt/1990/}) 4... Nf6 {Perhaps not the best, as
it allows White's following dangerous move. (and also 5.Bg5!? is promising)} ({
An interesting alternative is} 4... Nc6 $5 5. Nf3 Nf6 6. Qc2 d6 7. e3 e5 8. a3
Bxc3 9. Bxc3 Qe7 10. d5 Nb8 11. b4 axb4 12. axb4 Rxa1+ 13. Bxa1 O-O 14. Be2 b6
15. h4 Bg4 16. Bc3 Nbd7 17. Ng5 Bxe2 18. Kxe2 h6 19. Nf3 b5 20. g4 bxc4 21. g5
Nxd5 22. gxh6 Nxc3+ 23. Qxc3 gxh6 24. Qxc4 Nf6 25. Rc1 Rc8 26. Qa6 {Chapelle,
E-Richards,H/FRA-chT Noyon/1998/} Rb8 $17) 5. e4 $5 ({Also interesting is the
transposition to the Leningrad Nimzowitsch where Black has the extra move
a7-a5.} 5. Bg5 {[%csl Ra5] This extra tempo doesn't help and rather
compromises Black's position.} a4 (5... h6 6. Bh4 d6 7. e3 g5 (7... e5 8. Bd3
Bxc3+ 9. bxc3 Nbd7 10. f3 Nf8 $6 11. Qb1 $1 Qe7 12. Ne2 Ne6 13. O-O c5 14. Ng3
g5 15. Nf5 Qc7 16. Bg3 Nh5 17. Nxd6+ Qxd6 18. Bxe5 Qf8 19. Qb5+ Bd7 20. Qxb7
Rc8 21. Bxh8 Qxh8 22. Qb6 a4 23. Rab1 Ke7 24. Be4 Nf6 25. Bb7 Rb8 26. d5 {
1-0,Lutz,C-King,D/BL9394/1994/}) 8. Bg3 h5 9. f3 h4 10. Bf2 e5 11. Qc2 $6 (11.
Nge2 $142) 11... Qe7 12. O-O-O Bxc3 13. Qxc3 e4 14. d5 Rg8 15. Ne2 Nbd7 16. Nd4
Nc5 17. f4 Ng4 18. Qe1 $11 {1/2,Stohl,I-Sher,M/Isle of Man op/1994/}) 6. a3
Bxc3+ 7. bxc3 c5 8. d5 d6 9. e3 exd5 10. cxd5 Nbd7 11. Bd3 Qa5 12. Ne2 Nxd5 13.
O-O c4 14. Bc2 Nxc3 15. Nxc3 Qxc3 16. Bf4 O-O 17. Bxd6 Re8 18. Bb4 Qe5 19. Bxa4
b5 20. Bd6 Qg5 21. h4 Qf5 22. Bc2 $14 {Tukmakov,V-Motwani,P/Groningen op/1990/}
) (5. e3 {After this somewhat passive move Black can change his plan and go
for a Q-gambit pawn structure.} O-O 6. Bd3 d5 7. Nf3 b6 8. O-O Bb7 9. a3 Be7
10. cxd5 exd5 11. Ne5 c5 12. Re1 Nc6 13. Qf3 Bd6 14. Ng4 Nxg4 15. Qxg4 Ne7 16.
Qh3 f5 17. f4 c4 18. Bc2 Qd7 19. a4 Bb4 20. Nb1 Bc6 21. Bc3 b5 22. axb5 Bxb5
23. Nd2 Qd6 24. Ra2 Ra6 25. Rea1 Qe6 26. Kf2 Bxc3 27. bxc3 a4 28. Nf3 h6 29.
Ne5 Ng6 $11 {Barbero,G-Eingorn,V/Debrecen/1989/}) 5... d6 (5... Bxc3 $143 6.
Bxc3 Nxe4 7. Qg4 f5 (7... Nxc3 8. Qxg7 Rf8 9. bxc3 $36 {[%csl Re8] עe8}) 8.
Qxg7 Qf6 9. Qxf6 Nxf6 10. d5 $16 {[%csl Gc3,Gf1] ^^_|_}) 6. Bd3 e5 $146 {
Black strives for the aforementioned King's Indian structure, but by a clever
move order White gets a good version of a Nimzo-Indian.} ({But even worse is} 
6... c5 $6 7. d5 Bxc3 8. Bxc3 exd5 9. exd5 (9. cxd5 $5 {[%csl Gd5,Ge4] [+]})
9... O-O 10. Ne2 Nbd7 11. O-O Re8 12. Ng3 Ne5 13. Bc2 $2 (13. Be2 $16) (13. h3
$16) 13... Nxc4 14. Bxf6 Qxf6 15. Qd3 Qh4 16. f4 b5 17. a4 Bd7 18. axb5 Ne3 19.
Rfe1 Nxc2 20. Qxc2 Qxf4 $17 {Sokolov,I-Adams,M/Wijk/1996/}) 7. a3 $1 (7. d5
$143 Na6 8. Nge2 c6 $5 $132) 7... Bxc3 $8 (7... exd4 8. axb4 dxc3 9. Bxc3 $16)
8. bxc3 {Also here a7-a5 is extra and useless.} c5 (8... b6 $5 9. Ne2 Bb7 10.
f3 $14) 9. Ne2 Nc6 10. O-O (10. d5 $5 $36) 10... O-O 11. f3 $5 (11. f4 exd4 12.
cxd4 cxd4 {[%cal Yf6d7,Yd7c5,Yf6g4,Yg4e3] /\Nd7-c5,Ng4-e3<=>}) 11... Nd7 $6 {
Passive, just as the following moves, which enable White to mass his forces
against Black's K and decide the game with a swift attack.} (11... exd4 $142
12. cxd4 cxd4 13. Bg5 (13. Bc1 $5 $14) 13... Qe7 14. f4 (14. Qd2 h6 15. Bh4 $2
Nxe4 $17) (14. Bc2 Qe5 15. Qd2 Qc5 $5 $13) 14... h6 15. Bh4 $36) 12. Be3 a4 (
12... Re8 $5 {[%cal Yb7b6,Yd7f8] /\b6,Nf8}) 13. Rb1 Ra6 14. f4 $1 $40 {@} Na5
$6 {Black loses even more time, this maneuvre doesn't achieve anything
significant.} (14... exd4 15. cxd4 cxd4 16. Nxd4 Nc5 17. Bc2 Re8 18. Nxc6 Rxc6
19. Re1 $36) 15. Ng3 Nb3 16. Bc2 Re8 17. Nh5 $1 Nf8 (17... exd4 18. cxd4 cxd4
19. Bxd4 Nxd4 20. Qxd4 f6 21. Qd5+ $16 (21. Rf3 $40)) ({The last chance was
the seemingly risky} 17... g6 $5 18. Ng3 $5 (18. Bxb3 axb3 (18... exd4 19. cxd4
Rxe4 20. Qf3 Qe7 21. Bf2 axb3 22. Ng3 Re6 23. f5 $40) 19. Ng3 $14) (18. fxe5
dxe5 $1 19. Ng3 cxd4 20. cxd4 exd4 21. Bxd4 Nxd4 22. Qxd4 Ne5 $11) 18... cxd4
19. cxd4 exd4 20. Bxd4 Nxd4 21. Qxd4 $36) 18. f5 $1 exd4 (18... f6 19. Qg4 Qe7
20. Bh6 g6 21. Qg3 $40) 19. Qg4 Ng6 $8 (19... g6 20. Bg5 gxh5 21. Qg3 $1 Qd7 (
21... Qc7 22. Bd8+) 22. Bf6+ Ng6 23. Qg5 d5 24. e5 $18 {[%cal Rg5h6] /\Qh6})
20. cxd4 cxd4 21. Bf2 Qe7 (21... Nd2 22. Bxd4 Nxf1 23. Rxf1 $40) 22. Bxb3 $5 (
22. Qg3 Nd2 23. Bxd4 $5 $40) 22... axb3 23. Rxb3 $18 Rc6 (23... f6 24. Qd1 $1 (
24. Rg3 $5) 24... Ne5 25. Rg3 g6 26. fxg6 hxg6 27. Bxd4 $18 {->}) 24. Qd1 Ne5
25. Bxd4 Kh8 (25... f6 26. Rg3 $18) 26. f6 (26. f6 gxf6 27. Nxf6 {[%cal Rd1h5]
/\Qh5+-}) 1-0

[Event "Degremont GP"]
[Site "Clichy"]
[Date "2004.03.13"]
[Round "1.1"]
[White "Tregubov, Pavel V"]
[Black "Degraeve, Jean Marc"]
[Result "1-0"]
[WhiteElo "2628"]
[BlackElo "2566"]
[Annotator "Stohl,I"]
[PlyCount "45"]
[EventDate "2004.03.13"]
[EventType "k.o."]
[EventRounds "3"]
[EventCountry "FRA"]
[SourceTitle "CBM 100"]
[Source "ChessBase"]
[SourceDate "2004.06.01"]
[SourceVersion "1"]
[SourceVersionDate "2004.06.01"]
[SourceQuality "1"]

1. d4 g6 2. c4 Bg7 3. Nf3 c5 4. d5 d6 5. e4 e6 {A move-order, occasionally
employed by Topalov. Black strives for Benoni-like positions, but postpones
the development of the Ng8-it can often advantageously go to e7 or h6 rather
than the most natural square on f6.} 6. h3 (6. Nc3 exd5 (6... Ne7 $5) 7. exd5 (
{More principled is} 7. cxd5 $5 Bg4 {-A43}) 7... Bg4 8. Be2 Ne7 $1 9. O-O O-O
10. Qb3 b6 11. Ng5 Bxe2 12. Nxe2 Nd7 13. Qh3 Nf6 14. Bd2 $6 (14. Nc3 $11) 14...
h6 15. Nf3 g5 16. Ne1 Ne4 17. Bc1 f5 18. Qd3 Qd7 19. Rb1 Rae8 20. b3 Ng6 21.
Bb2 Bxb2 22. Rxb2 Qg7 23. Rc2 f4 $17 {Timman,J-Topalov,V/Wijk aan Zee/2004/})
6... exd5 7. exd5 (7. cxd5 Ne7 (7... Nf6 8. Nc3 O-O 9. Bd3 {-A70 is not to
everyones's taste, in the current main lines Black is forced to struggle for a
draw in an endgame without counterchances.}) 8. Nc3 O-O (8... a6 9. a4 O-O 10.
Bc4 Nd7 11. Bf4 Nb6 12. Ba2 Bd7 13. a5 Nbc8 14. Bc4 b5 15. axb6 Qxb6 16. Qb3 $2
(16. Qc2 $13 {/+/=}) 16... Qxb3 17. Bxb3 Rb8 18. Ra3 Rb4 19. Nd2 Bb5 20. Na2
Bxb2 21. Nxb4 Bxa3 22. Nc2 Bb2 23. Nc4 Bc3+ 24. Kd1 Rd8 $17 {Moret,V-Degraeve,
J/FRA-chT Clichy/2004/}) 9. Bf4 (9. Bc4 $5) (9. Bd3) 9... h6 10. g4 g5 11. Be3
Ng6 12. h4 Bxg4 13. hxg5 hxg5 14. Be2 Bxf3 15. Bxf3 Nd7 16. Bg4 Nde5 17. Bf5
Re8 18. Qh5 Nd3+ 19. Kd2 Ngf4 20. Qg4 Qf6 $13 {Vallejo Pons,F-Topalov,V/
ESP-chT Barcelona/2000/}) 7... Ne7 (7... Nh6 $142 $5 8. Qe2+ Kf8 9. Bg5 (9. Bf4
f5 10. Ng5 Nf7 11. Qd2 Qe7+ 12. Be2 Ne5 13. O-O h6 14. Ne6+ Bxe6 15. dxe6 Nbc6
16. Nc3 Qxe6 17. Nd5 Rd8 18. Be3 Kg8 19. Rae1 Kh7 20. b4 cxb4 21. f4 Nd7 22.
Bf3 Qf7 23. Nxb4 Nxb4 24. Qxb4 Nc5 {Kramnik,V-Topalov,V/Monaco act/2002/}) 9...
f6 10. Bf4 Nf7 11. Nc3 g5 12. Bd2 h6 13. g3 Na6 14. Bg2 Bf5 15. O-O Qd7 16. Kh2
Re8 17. Qd1 Bd3 18. Re1 Bxc4 19. b3 Bd3 20. Rxe8+ Qxe8 21. Bxg5 Be2 22. Nxe2
hxg5 23. Qd2 f5 24. Re1 Qd8 25. Kg1 Nc7 $13 {Gelfand,B-Topalov,V/NAO Cannes/
2002/}) (7... f5 8. Bd3 Qe7+ 9. Kd2 Nd7 10. Kc2 Ne5 11. Re1 Bd7 12. Nc3 O-O-O
13. Bf4 h6 14. Nxe5 dxe5 15. Bxe5 Bxe5 16. f4 $16 {Gaprindashvili,N-Bogza,A/
EU-chW Varna/2002/}) 8. Bd3 $146 {[%csl Rd6][%cal Ge1e8] A simple and
seemingly unambitious move. Howeever, despite the symmetrical position Black
must play carefully, as White is the first to occupy the <->e and can also put
the ><d6 under pressure.} (8. g4 $5 h5 $6 (8... O-O $142) 9. Rg1 hxg4 10. hxg4
Nd7 11. Nc3 Nf6 12. Ng5 Rh4 13. f3 Kf8 14. Kf2 a6 15. a4 b6 16. Be2 Ra7 17. Rh1
Rxh1 18. Qxh1 Bd7 19. Bf4 Be8 20. Bd3 Rb7 21. Qh2 $40 {Mikhalevski,A-Malisov,B/
ISR-ch Jerusalem/ 1996/}) 8... Bf5 9. O-O O-O 10. Nc3 Bxd3 $6 {This natural
move helps White's development.} (10... Nd7 11. Bg5 (11. Bf4 Qb6 $132) 11...
Bxd3 12. Qxd3 Re8 13. Rfe1 $14) 11. Qxd3 a6 $6 {Black will pay dearly for
ignoring his development.} (11... Qb6 12. Re1 $36) (11... Nd7 $142 {was better,
although it leads to an uncomfortable position after} 12. Bf4 Qb6 (12... Nf5
13. g4 (13. Ne4 Nf6 $5 $14) (13. Nb5 Bxb2 $13 {/\} 14. Rab1 Be5 $1) 13... Nd4
14. Bxd6 Re8 15. Bg3 Qb6 16. Nxd4 Bxd4 17. Rab1 $14) 13. Ne4 $1 Nc8 (13... Nf5
14. g4 Nd4 15. Nxd6 (15. Bxd6 $2 f5 $1 $17) 15... Qxb2 16. Nxd4 Bxd4 17. Rab1
$36) 14. Rfe1 h6 $14) 12. Bf4 $1 $36 {[%csl Rd6] ><d6} Qc7 13. Rae1 Nc8 14. Re2
h6 (14... Nd7 15. Rfe1 $16) 15. h4 $1 $32 Nd7 16. h5 $40 {[%mdl 128] White has
very quickly whipped up a huge attack.} g5 (16... gxh5 17. Qf5 $18 {[%csl Rg8,
Rh5,Rh6] ׻}) 17. Bxg5 $1 {This sacrifice quickly decides the game-Black's <<
pieces can't help the defence effectively.} hxg5 18. Nxg5 Nf6 (18... f5 19. Ne6
Qb6 20. Nxg7 $1 Kxg7 21. Qg3+ Kh8 22. h6 Rg8 23. Re8 $1 $18) (18... Rd8 19.
Qh7+ Kf8 20. h6 $18) 19. Nce4 Nxe4 (19... Ng4 20. f3 $1 Bd4+ (20... f5 21. fxg4
fxe4 22. Rxf8+ Bxf8 23. Qxe4 $18 {->}) 21. Kh1 Ne5 22. Nf6+ Kg7 23. Ne6+ $1
fxe6 24. Qh7+ Kxf6 25. Qxc7 $18) (19... Nd7 20. Nxc5 Nf6 21. Nce4 Nd7 22. Nxd6
$18) 20. Qxe4 $18 f5 $8 21. Qe6+ Kh8 (21... Rf7 22. h6 $18) 22. Qg6 Be5 (22...
Bd4 23. Re8 $1 Rxe8 24. Qxe8+ Kg7 25. Ne6+ $18) 23. Qh6+ (23. Qh6+ Kg8 24.
Qxf8+ $1 Kxf8 25. Ne6+ Kf7 26. Nxc7 $18) 1-0

[Event "Olympiad-33"]
[Site "Elista"]
[Date "1998.10.05"]
[Round "7.3"]
[White "Zagorskis, Darius"]
[Black "Sadler, Matthew D"]
[Result "0-1"]
[WhiteElo "2510"]
[BlackElo "2660"]
[Annotator "Stohl,I"]
[PlyCount "64"]
[EventDate "1998.09.29"]
[EventType "team-swiss"]
[EventRounds "13"]
[EventCountry "RUS"]
[SourceTitle "CBM 068"]
[Source "ChessBase"]
[SourceDate "1999.02.01"]
[SourceVersion "1"]
[SourceVersionDate "1999.02.01"]
[SourceQuality "1"]
[WhiteTeam "Lithuania"]
[BlackTeam "England"]
[WhiteTeamCountry "LTU"]
[BlackTeamCountry "ENG"]

1. c4 {McShane} b6 2. d4 Bb7 {By this move order Black can avoid the
unpleasant line} (2... e6 3. e4 Bb7 4. Bd3 f5 5. exf5 $1 Bb4+ 6. Kf1) 3. Bg5 $5
{Unusual, but not bad. If 1.b3 d5 2.Bb2 Bg4!? is considered reliable for Black,
with an extra tempo White can have a chance to get at least a minimal
advantage. McShane: ' '} (3. Nc3 {or}) (3. d5 {are the most played moves.})
3... Nf6 (3... h6 4. Bh4 d6 (4... g6 5. Nc3 Bg7 6. e4 Nf6 $6 7. e5 $36 {[+]}
Nh7 8. Nf3 d6 9. Bd3 dxe5 10. dxe5 Nf8 11. Qe2 c6 12. Ne4 Qc8 13. Nf6+ Kd8 14.
O-O-O Ne6 15. Bxg6+ Kc7 16. Bxf7 {1-0,Pomes Marcet,J-Bravo Barranco,N/Linares/
1998/}) 5. Nc3 Nd7 6. e4 Ngf6 7. Bd3 e5 8. d5 Be7 9. Bxf6 Nxf6 10. Nf3 O-O 11.
h4 g6 12. g3 Bc8 13. Bf1 h5 14. Ng5 Nh7 15. Nxh7 Kxh7 16. Bh3 Bxh3 17. Rxh3 Qd7
$132 {1/2,Matera,S-Soltis,A/New York/1977/}) (3... f6 4. Bd2 (4. Bf4 e6 5. Nf3
Bb4+ 6. Nfd2 e5 $1 7. dxe5 Nc6 8. e4 fxe5 9. Be3 Nf6 10. Bd3 d6 11. O-O O-O (
11... Bc5 $142 $11) 12. Nb3 Bc8 13. h3 a5 14. a3 Bc5 15. Nxc5 bxc5 16. Nc3 Nd4
17. f4 exf4 18. Bxf4 Qe8 19. Qe1 Rb8 20. Nb5 Qg6 21. Qe3 Nxb5 22. cxb5 Qf7 23.
a4 Qb3 24. e5 $16 {|^^^,Martinovsky,E-Ward,C/Wrexham/1998/}) 4... e6 5. Nc3 (5.
Nf3 f5 6. g3 Nf6 7. Bg2 g6 8. Nc3 Bg7 9. O-O O-O 10. d5 Na6 11. Bf4 Nc5 12. Nb5
d6 13. dxe6 Nfe4 14. Qc2 Nxe6 15. Rad1 Nxf4 16. gxf4 Qe7 17. Ng5 Rae8 18. e3
Kh8 19. Nxe4 Bxe4 20. Bxe4 fxe4 21. Kh1 a6 22. Nc3 Qe6 $15 {Hoelzl,F-Miles,A/
Wien/1980/}) 5... f5 6. Nf3 Nf6 7. g3 Nc6 {[%cal Rc6d4]} 8. e3 Bb4 9. Bg2 Ne4
10. Rc1 Qe7 11. O-O Nxd2 12. Qxd2 O-O 13. a3 Bxc3 14. Qxc3 Nd8 15. Rfd1 Nf7 16.
d5 d6 17. dxe6 Nd8 18. Nd4 Bxg2 19. Kxg2 Nxe6 20. Nxe6 Qxe6 21. Qd4 Kh8 22. Qd5
Qe7 23. Rd4 a5 24. b3 g6 25. Rc2 Qf6 26. Qc6 Qf7 27. h4 Ra7 28. b4 $14 {
Smejkal,J-Miles,A/Wien/1980/}) 4. Bxf6 exf6 {McShane: ' '} (4... gxf6 5. e3 e6
6. Nc3 f5 7. Nf3 c5 8. d5 Bg7 9. Qd2 a6 10. Rd1 O-O 11. a4 Qf6 12. Be2 e5 13.
g3 d6 14. O-O Re8 15. Nh4 Bc8 16. Qc2 Ra7 17. f4 e4 18. Ra1 Nd7 19. Ng2 Nf8 20.
a5 Rb7 21. axb6 Rxb6 22. Ra2 Bd7 23. Kh1 Reb8 24. Rg1 Qh6 25. Rb1 Bf6 26. b3
Qg7 27. Nd1 Ra8 28. Nf2 a5 29. g4 $16 {Zagorskis,D-Chernyshov,K/Frydek-Mistek/
1994/ A good example of White's strategy of limiting the ^^ behind rigid pawn
chains after 4...gxf6.}) 5. e3 f5 6. Nf3 g6 7. Nc3 Bg7 {McShane: ' '} 8. Be2 (
8. g3 $142 $5 O-O 9. Bg2 $14 {White has a better pawn structure, but Black's
^^ has hidden potential. Therefore White should aim for occupying the /^ a8-h1
and exchanging one of the B by e.g. 0-0,Ne1 etc.}) 8... d6 9. O-O Nd7 {McShane:
' '} 10. Qc2 {McShane: ' '} O-O 11. Rfd1 (11. b4 c5 $5 12. b5 cxd4 13. Nxd4 Rc8
14. Rfd1 Nc5 15. Rac1 f4 16. exf4 Bxd4 17. Rxd4 Ne6 18. Rdd1 Nxf4 19. Bf1 Qg5
20. g3 Qg4 21. Qd2 Qf3 22. Nd5 Rxc4 23. Ne7+ Kg7 24. Nc6 Rxc1 25. Rxc1 Ne6 26.
Qxd6 Qf6 27. Bg2 a6 $11 {1/2-1/2 Pribyl,M-Babula,V/Pardubice 1991/EXT 97 (35)})
(11. Rad1 Re8 12. Ne1 Nf6 13. Nd3 Qe7 14. d5 a5 15. Nb5 Ba6 16. Nd4 Ng4 17. Nc6
Qh4 18. h3 Nf6 19. Nd4 Ne4 20. Nf4 Qe7 21. Bd3 Qg5 22. Qc1 h5 23. a3 $13 {
Granda Zuniga,J-Fuentes,M/PER-ch/1994/}) 11... Re8 12. Rac1 {Now it's already
not so easy for White to exchange the Bb7 and also to find a constructive plan,
as any central advance creates space for the ^^. On the other hand Black might
try advancing his >> pawns.} (12. Nd2 $2 f4 $36) (12. Ne1 Nf6 13. Bf3 Ne4 14.
Nd5 $5 $13) (12. b4 Nf6 13. Rac1 Ne4 14. Nxe4 Bxe4 15. Qd2 a5 16. b5 Qe7 17.
Bf1 $6 Bxf3 18. gxf3 f4 19. e4 Qh4 20. Kh1 Rad8 21. Bg2 Re6 22. Rg1 g5 23. Bf1
h5 24. Rd1 Bh6 $36 {^-,Levine,D-Lawson,B/Philadelphia/1995/}) 12... a6 13. b4
Nf6 14. Nd2 $6 {McShane: 'The position resembles a Trompowsky. White has
managed to damage Black's pawn structure but at the cost of the bishop pair.
White will plan on infiltrating on the light squares on the queenside where
Black is weak, whilst Black will try to make use of his dark squared bishop
which has no opponent so under the right conditions could become dominant.'} (
14. Ne1 $142 Ne4 (14... Ng4 15. Bf3 Qh4 $2 16. h3 $18) 15. Nxe4 (15. Nd5 $5 $13
) 15... Bxe4 $11) 14... Ng4 $36 {McShane: 'Logically probing for weaknesses on
the dark squares.'} 15. h3 $2 {McShane: 'White must have considered his
opponent's next move, but couldn't believe it worked. 15.Bf3 is well met by 15.
..Qh4! and 15.Bxg4 giving up both bishops just looks suspect to me, so perhaps
Nf3 or Nf1 was the way to play.'} (15. Bf3 Qh4 16. Nf1 (16. Bxb7 Qxh2+ 17. Kf1
Rxe3 $1 18. fxe3 $8 (18. Nf3 Qh1+ 19. Ng1 Nh2#) 18... Nxe3+ 19. Ke2 Nxc2 20.
Bxa8 Nxd4+ $19) 16... Bxf3 17. gxf3 Nf6 $36 {׻}) (15. Bxg4 fxg4 $17 {^^,/
^a8-h1,/^a1-h8}) (15. Nd5 $142 $5 c6 (15... Bxd4 $2 16. Bxg4 $18) 16. Nf4 Qh4
17. Bxg4 fxg4 $13 (17... Qxg4 $2 18. Nf3 {/\h3+-})) (15. Nf3 Bh6 $36) 15...
Nxf2 $1 {[%mdl 640] This intuitive sacrifice doesn't win by force, but it
gives Black a strong attack. In a practical game it's very hard to survive
such a position.} 16. Kxf2 Qh4+ 17. Kf1 $6 {McShane: ' 17.Kg1 is met by 17...
Rxe3 also with excellent attacking chances.'} (17. g3 $142 Qxh3 18. Nf1 (18.
Nf3 Bh6 19. Rd3 Be4 $1 $17) 18... Bh6 $5 $40) (17. Kg1 $2 Rxe3 18. Nf3 Bxf3 19.
Bxf3 Bxd4 20. Rxd4 Qxd4 $19) 17... Rxe3 {/\Bd4,Rc3!,Rh3! McShane: 'Black
threatens both Rxh3 and Rxc3 followed by Bxd4.'} 18. Nf3 $8 (18. Nd5 Bxd5 19.
cxd5 Rxh3 $1 20. gxh3 Qxh3+ 21. Ke1 Qg3+ 22. Kf1 Bxd4 23. Ne4 Qg1#) (18. Bf3
Bxd4 $1 19. Bxb7 Re1+ 20. Rxe1 Qf2#) 18... Qf4 {/\g5-g4 McShane: ' Black has
given up a piece for two pawns, but he has a bind, restricting White's
mobility considerably. He can build up pressure on the dark squares, perhaps
with g5-g4 to cause more trouble.'} 19. Nd5 {McShane: 'White decides he has to
deal with the powerful light squared bishop.'} Bxd5 20. cxd5 Rae8 21. Bxa6 (21.
Re1 g5 $17) 21... Rxf3+ $1 {[%mdl 512] '!!' McShane. Black must be generous
and continue the sacrificial orgies. McShane: 'Shattering the white kingside.'}
(21... g5 $143 $2 22. Qf2 $16 {enables White's Q to join the defence.}) 22.
gxf3 Re3 $1 23. Be2 $6 {White's position was probably beyond saving anyway,
but now he loses by force. McShane: 'There are many other possible tries for
White, all of which seem to give Black a better position . What White played
gives rise to a spectacular finish.'} (23. Rd2 Rxf3+ 24. Kg1 Bxd4+ $19) (23.
Kg1 $142 $5 Rxf3 24. Bf1 (24. Qd2 Bxd4+ $1 25. Qxd4 Qg3+ 26. Kh1 Qxh3+ 27. Kg1
Rg3+ 28. Kf2 Rg2+ 29. Ke1 Qg3+ 30. Kf1 b5 $1 31. Bxb5 Rh2 32. Qg1 $8 Qf4+ 33.
Ke1 Qxb4+ 34. Kf1 Qxb5+ $19) 24... Bxd4+ 25. Rxd4 Qxd4+ 26. Kh1 Qxd5 (26... Rf2
$6 27. Qxc7 Qf4 28. Bg2 {/\} Qg3 29. Qc8+ Kg7 30. Qc3+ $16) 27. Kh2 Ra3 $17 {
->עh2}) 23... Qh2 {/\Bf6-h4-+ McShane: 'Threatening Bf6 - h4 and Qf2 mate.'}
24. Qd2 {McShane: 'White is defenceless. One amusing line goes'} (24. Ke1 Bf6 (
24... Bh6 $5 25. Qc4 Re7 $19) 25. Rd3 (25. Qc4 Bh4+ 26. Kd2 Bg5 $19) 25... Bh4+
26. Kd1 Qg1+ 27. Kd2 Rxe2+ 28. Kxe2 Qf2+ 29. Kd1 Qe1#) (24. Rd3 {McShane} Bf6
$1 25. Rxe3 Qh1+ 26. Kf2 Bh4#) 24... Bh6 25. Qe1 Qh1+ 26. Kf2 Qh2+ 27. Kf1
Qxh3+ 28. Kg1 Re4 $1 {'!!' McShane. The final crowning brilliancy.} 29. Rc3 {
McShane: ' [29.fxe4 Be3+ 30.Qf2 Qg3+!] '} (29. fxe4 Be3+ 30. Qf2 Qg3+ $19)
29... Rh4 30. f4 (30. Qxh4 Qxh4 31. Kg2 Bf4 32. Rh1 (32. Rg1 Bg3 33. Rh1 Qxd4
$19) 32... Qg3+ 33. Kf1 Bd2 $19) 30... Qh1+ 31. Kf2 Rh2+ 32. Ke3 Qe4+ {McShane:
'33. Kd2 Bxf4 wins shortly.'} (32... Qe4+ 33. Kd2 Bxf4+ $19) 0-1